| 000 | 00494nam a2200193Ia 4500 | ||
|---|---|---|---|
| 008 | 170918s9999 xx 000 0 und d | ||
| 020 | _a9780545326438 | ||
| 050 | _bC365 1979 | ||
| 100 | _aCatling, Patrick Skene | ||
| 245 | 4 | _aThe chocolate touch / | |
| 245 | _cPatrick Skene Catling ; pictures by Margot Apple. | ||
| 260 | _aNew York : | ||
| 260 | _bScholastic, | ||
| 260 | _c1979 | ||
| 300 | _a126 pages : | ||
| 300 | _bcolored illustration ; | ||
| 300 | _c19cm. | ||
| 500 | _a770 | ||
| 999 |
_c342055 _d342055 |
||